000
00237nam a22001217a 4500
082
_a
474
_b
SHI/S
100
_a
SHIVANI
245
_a
SUGHA GHULAB
260
_a
DELHI
_b
RAJPAAL
300
_a
16
650
_a
STORY HINDI
_z
DELHI
942
_c
BK
999
_c
4944
_d
4944